Advanced statistical methods in biometric research / (Record no. 9863)
[ view plain ]
| 000 -LEADER | |
|---|---|
| fixed length control field | 00446cam a2200169ua 4500 |
| 041 ## - LANGUAGE CODE | |
| Language code of text/sound track or separate title | eng |
| 082 ## - DEWEY DECIMAL CLASSIFICATION NUMBER | |
| Classification number | 519.51 |
| Item number | RAO/AD |
| 100 ## - MAIN ENTRY--AUTHOR NAME | |
| Personal name | Radhakrishnarao, C . |
| 245 ## - TITLE STATEMENT | |
| Title | Advanced statistical methods in biometric research / |
| 260 ## - PUBLICATION, DISTRIBUTION, ETC. (IMPRINT) | |
| Place of publication | London : |
| Name of publisher | John Wiley & Sons , |
| Year of publication | 1952. |
| 300 ## - PHYSICAL DESCRIPTION | |
| Number of Pages | 390 ; . |
| 942 ## - ADDED ENTRY ELEMENTS (KOHA) | |
| Koha item type | Books |
| Withdrawn status | Lost status | Damaged status | Home library | Current library | Date acquired | Full call number | Accession Number | Koha item type |
|---|---|---|---|---|---|---|---|---|
| KAUAET | KAUAET | 07/04/2012 | 519.51 | 3089 | Books |
